[Event "6th Women GP"]
[Site "Doha QAT"]
[Date "2011.02.22"]
[Round "1"]
[White "Cramling, P."]
[Black "Mkrtchian, L."]
[Result "1/2-1/2"]
[WhiteElo "2516"]
[BlackElo "2475"]
[PlyCount "88"]
[EventDate "2011.02.22"]

1. d4 Nf6 2. Nf3 e6 3. c4 b6 4. g3 Ba6 5. Qa4 Bb7 6. Bg2 c5 7. dxc5 bxc5 8. O-O
Be7 9. Nc3 O-O 10. Rd1 Qb6 11. Bf4 Rd8 12. Rd2 h6 13. Qb3 d6 14. Rad1 Ne8 15.
e4 Qxb3 16. axb3 f6 17. Be3 Nc6 18. Ra1 Rab8 19. Ne1 Bc8 20. Ra3 Bd7 21. Nb5
Rb7 22. Nc2 e5 23. Rd1 Ra8 24. Bc1 Nd4 25. Nbxd4 cxd4 26. b4 Nc7 27. Bd2 a6 28.
Ne1 Be6 29. Rc1 Rab8 30. Nd3 Kf7 31. f4 Ke8 32. h3 Kd8 33. Kh2 Rc8 34. Bf3 Rcb8
35. Bh5 Rb6 36. f5 Bg8 37. Kg1 Rc6 38. b3 Rcb6 39. Kf2 Rc8 40. Ra2 Kd7 41. Ra5
Rbb8 42. h4 Rf8 43. Kg2 Bf7 44. Bxf7 Rxf7 1/2-1/2

[Event "6th Women GP"]
[Site "Doha QAT"]
[Date "2011.02.23"]
[Round "2"]
[White "Koneru, H."]
[Black "Fierro Baquero, M."]
[Result "1-0"]
[WhiteElo "2607"]
[BlackElo "2353"]
[PlyCount "73"]
[EventDate "2011.02.22"]

1. d4 Nf6 2. c4 c5 3. d5 b5 4. cxb5 a6 5. bxa6 g6 6. Nc3 Bxa6 7. g3 d6 8. Bg2
Bg7 9. Nf3 O-O 10. O-O Nbd7 11. Rb1 Nb6 12. b3 Bb7 13. e4 Ng4 14. Qc2 Ne5 15.
Nxe5 Bxe5 16. Bb2 Qd7 17. h4 c4 18. Rfc1 Rfc8 19. b4 Na4 20. Nxa4 Qxa4 21. Bxe5
dxe5 22. Qxa4 Rxa4 23. Bh3 Rc7 24. Bf1 Rxa2 25. Rxc4 Rxc4 26. Bxc4 Rc2 27. Bf1
f5 28. exf5 gxf5 29. Bd3 Rd2 30. Bxf5 Bxd5 31. b5 e6 32. Bh3 Rc2 33. b6 Rc8 34.
Bf1 Kf7 35. b7 Rb8 36. Ba6 Ke7 37. Rc1 1-0

[Event "6th Women GP"]
[Site "Doha QAT"]
[Date "2011.02.24"]
[Round "3"]
[White "Cramling, P."]
[Black "Koneru, H."]
[Result "1/2-1/2"]
[WhiteElo "2516"]
[BlackElo "2607"]
[PlyCount "148"]
[EventDate "2011.02.22"]

1. d4 e6 2. c4 b6 3. a3 Bb7 4. Nc3 f5 5. d5 Nf6 6. g3 Na6 7. Bg2 Nc5 8. Nh3 Bd6
9. Nf4 O-O 10. O-O e5 11. Nd3 Nxd3 12. exd3 c6 13. d4 Qc7 14. dxe5 Bxe5 15. Bd2
f4 16. Qe2 fxg3 17. hxg3 cxd5 18. Nb5 Qb8 19. cxd5 a6 20. Nc3 d6 21. Be3 b5 22.
Rad1 Bxc3 23. bxc3 Qc7 24. Bd4 Rae8 25. Qd3 Qf7 26. Bxf6 Qxf6 27. c4 bxc4 28.
Qxc4 Re5 29. Rd3 Qf7 30. Qd4 Rf5 31. Rd2 Bc8 32. Qb6 Rf6 33. Rc2 Qh5 34. Rc4
Bg4 35. Rf4 Rxf4 36. gxf4 Qg6 37. Qe3 h5 38. Rc1 h4 39. Kh2 Re8 40. Qd4 Bf5 41.
Rg1 Qh6 42. Qd2 Qh5 43. Re1 Rf8 44. Re7 Rf6 45. Qe3 Qg4 46. Qf3 Qxf3 47. Bxf3
Bh7 48. Bg4 Rxf4 49. Kh3 Bf5 50. Bxf5 Rxf5 51. Kxh4 Rxd5 52. Rd7 Kh7 53. f4 Kg6
54. Kg4 Kf6 55. Kf3 Rd3+ 56. Ke4 Rxa3 57. Rxd6+ Ke7 58. Rb6 Kf7 59. f5 Ra1 60.
Rb7+ Kg8 61. Ra7 a5 62. Kf4 a4 63. Kg5 a3 64. Kg6 Rg1+ 65. Kh5 Ra1 66. Kg6 Rg1+
67. Kh5 Rg3 68. Kh4 Rb3 69. Kg5 Kf8 70. f6 gxf6+ 71. Kxf6 Ke8 72. Ke5 Kd8 73.
Kd4 Kc8 74. Kc4 Kb8 1/2-1/2

[Event "6th Women GP"]
[Site "Doha QAT"]
[Date "2011.02.24"]
[Round "3"]
[White "Fierro Baquero, M."]
[Black "Dzagnidze, N."]
[Result "1-0"]
[WhiteElo "2353"]
[BlackElo "2550"]
[PlyCount "80"]
[EventDate "2011.02.22"]

1. c4 e5 2. g3 Nc6 3. Nc3 g6 4. e4 Bg7 5. Bg2 d6 6. Nge2 Nh6 7. O-O O-O 8. d3
f5 9. Nd5 Be6 10. Rb1 Qd7 11. b4 Nd8 12. b5 Kh8 13. a4 Ng8 14. exf5 Bxf5 15.
Ne3 Bh3 16. d4 Bxg2 17. Kxg2 e4 18. Nc3 Nf6 19. Ned5 Nxd5 20. cxd5 Qf5 21. Be3
c6 22. dxc6 bxc6 23. f3 exf3+ 24. Rxf3 Qxf3+ 25. Qxf3 Rxf3 26. Kxf3 c5 27. Ne2
Ne6 28. dxc5 dxc5 29. a5 Rf8+ 30. Ke4 Re8 31. Kd3 Be5 32. Nf4 Bxf4 33. Bxf4 g5
34. Be5+ Kg8 35. b6 axb6 36. axb6 Nd8 37. Bc7 Kf7 38. Bxd8 Rxd8+ 39. Kc4 Ke7
40. b7 Rb8 1-0

[Event "6th Women GP"]
[Site "Doha QAT"]
[Date "2011.02.24"]
[Round "3"]
[White "Munguntuul, B."]
[Black "Danielian, E."]
[Result "0-1"]
[WhiteElo "2410"]
[BlackElo "2454"]
[PlyCount "72"]
[EventDate "2011.02.22"]

1. e4 e6 2. d4 d5 3. Nc3 Nf6 4. e5 Nfd7 5. f4 c5 6. Nf3 Nc6 7. Be3 Be7 8. Qd2
O-O 9. dxc5 Bxc5 10. O-O-O Qa5 11. Bxc5 Nxc5 12. h4 Bd7 13. Rh3 b5 14. f5 exf5
15. Rg3 Ne7 16. Kb1 b4 17. Nxd5 Ne4 18. Qh6 Ng6 19. Rxg6 fxg6 20. Ne7+ Kf7 21.
Rxd7 Rad8 22. e6+ Kxe6 23. Bc4+ Kxd7 24. Qxg7 Ke8 25. Kc1 Qc5 26. Nd5 Rxd5 27.
Bxd5 Qxd5 28. Qxa7 Rf6 29. Qb8+ Ke7 30. Qxb4+ Rd6 31. b3 h6 32. a4 g5 33. hxg5
hxg5 34. a5 g4 35. Nh4 Kf6 36. g3 Qe5 0-1

[Event "6th Women GP"]
[Site "Doha QAT"]
[Date "2011.02.25"]
[Round "4"]
[White "Fierro Baquero, M."]
[Black "Cramling, P."]
[Result "1/2-1/2"]
[WhiteElo "2353"]
[BlackElo "2516"]
[PlyCount "84"]
[EventDate "2011.02.22"]

1. c4 b6 2. Nc3 Bb7 3. e4 e6 4. g3 Bb4 5. Nge2 f5 6. Bg2 Nf6 7. O-O fxe4 8. d3
O-O 9. dxe4 Ng4 10. Nf4 Ne5 11. Nb5 Nbc6 12. Nd3 Nxd3 13. Qxd3 a6 14. Nd4 Nxd4
15. Qxd4 Bc5 16. Qc3 Qe7 17. Be3 e5 18. Bxc5 bxc5 19. Qa5 d6 20. Rac1 Bc8 21.
b3 Rb8 22. Qc3 Bd7 23. Rce1 Bc6 24. a3 a5 25. Rb1 Rb6 26. Rb2 Rfb8 27. Rfb1 Qe8
28. h4 Qg6 29. Qe1 h6 30. b4 axb4 31. axb4 Rxb4 32. Rxb4 cxb4 33. Rxb4 Rxb4 34.
Qxb4 Bxe4 35. Qb8+ Kh7 36. h5 Qf5 37. Bxe4 Qxe4 38. Qxc7 Qe1+ 39. Kg2 Qe4+ 40.
Kg1 Qe1+ 41. Kg2 Qe4+ 42. Kg1 Qe1+ 1/2-1/2

[Event "6th Women GP"]
[Site "Doha QAT"]
[Date "2011.02.25"]
[Round "4"]
[White "Dzagnidze, N."]
[Black "Danielian, E."]
[Result "0-1"]
[WhiteElo "2550"]
[BlackElo "2454"]
[PlyCount "80"]
[EventDate "2011.02.22"]

1. d4 d5 2. Nf3 Nf6 3. c4 c6 4. Nc3 e6 5. Bg5 Nbd7 6. cxd5 exd5 7. e3 Be7 8.
Qc2 O-O 9. Bd3 Re8 10. h3 Nf8 11. O-O-O b6 12. Kb1 Bb7 13. g4 a6 14. Rhg1 N6d7
15. h4 c5 16. Bf5 c4 17. Bxe7 Qxe7 18. g5 b5 19. h5 b4 20. Ne2 a5 21. g6 fxg6
22. hxg6 h6 23. Nf4 a4 24. e4 b3 25. Qc3 a3 26. Rd2 Nb6 27. axb3 axb2 28. Rxb2
Ra3 29. Nxd5 Bxd5 30. exd5 Qf6 31. Bg4 Rea8 32. Kc2 cxb3+ 33. Rxb3 Ra2+ 34. Kd1
Ra1+ 35. Ke2 R8a2+ 36. Nd2 Rxg1 37. Be6+ Nxe6 38. Rxb6 Rxd2+ 39. Qxd2 Nf4+ 40.
Kf3 Qxb6 0-1

[Event "6th Women GP"]
[Site "Doha QAT"]
[Date "2011.02.25"]
[Round "4"]
[White "Mkrtchian, L."]
[Black "Chiburdanidze, M."]
[Result "0-1"]
[WhiteElo "2475"]
[BlackElo "2502"]
[PlyCount "104"]
[EventDate "2011.02.22"]

1. d4 Nf6 2. c4 e6 3. Nc3 Bb4 4. e3 c5 5. Nge2 cxd4 6. exd4 d5 7. c5 Ne4 8. Bd2
Nc6 9. a3 Bxc3 10. Nxc3 Qh4 11. Nxe4 Qxe4+ 12. Be3 e5 13. Qa4 O-O 14. O-O-O
exd4 15. Bd3 Qe5 16. Bd2 Bf5 17. Qc2 Bxd3 18. Qxd3 Qe4 19. Qg3 a5 20. Rhe1 Qf5
21. Bh6 Qg6 22. Bf4 Rfe8 23. Qxg6 hxg6 24. f3 a4 25. Kc2 f6 26. Kd3 Kf7 27. Bg3
Ra5 28. Rxe8 Kxe8 29. Bd6 Rb5 30. Kc2 Kf7 31. h4 Na5 32. Rxd4 Nc4 33. Kc1 Ke6
34. Bf8 Nxb2 35. Bxg7 Nc4 36. Rf4 f5 37. g4 Rxc5 38. h5 gxh5 39. gxh5 Nxa3+ 40.
Kd1 Rc4 41. Rxc4 Nxc4 42. Kc2 Kf7 43. h6 Kg6 44. Kc3 a3 45. f4 Na5 46. Kb4 Nc6+
47. Kxa3 Nd8 48. Kb4 Ne6 49. Be5 Kxh6 50. Kb5 Kh5 51. Kb6 d4 52. Kxb7 d3 0-1

[Event "6th Women GP"]
[Site "Doha QAT"]
[Date "2011.02.26"]
[Round "5"]
[White "Danielian, E."]
[Black "Xu Yuhua"]
[Result "1-0"]
[WhiteElo "2454"]
[BlackElo "2484"]
[PlyCount "137"]
[EventDate "2011.02.22"]

1. d4 e6 2. c4 Nf6 3. Nf3 d5 4. Nc3 Bb4 5. Qa4+ Nc6 6. e3 O-O 7. Bd2 dxc4 8.
Bxc4 Bd6 9. Nb5 Be7 10. Qc2 a6 11. Nc3 Bd6 12. O-O e5 13. d5 Nb4 14. Qb1 c6 15.
dxc6 Nxc6 16. h3 b5 17. Bb3 Na5 18. Bc2 Nc4 19. Rd1 Bb7 20. Ng5 h6 21. Nh7 Nxh7
22. Bxh7+ Kh8 23. Be4 Qe7 24. Be1 Bxe4 25. Nxe4 Bb4 26. Bxb4 Qxb4 27. b3 Nb6
28. Nd6 Nc8 29. a3 Qc5 30. Ne4 Qe7 31. Qd3 Ra7 32. a4 f5 33. Ng3 e4 34. Qd4 Rc7
35. axb5 axb5 36. Ra6 Kh7 37. Nh5 Rf7 38. Nf4 Rd7 39. Qa1 Rxd1+ 40. Qxd1 Qb7
41. Re6 Qd7 42. Qh5 Kg8 43. Ra6 Qb7 44. Qg6 Ne7 45. Qe6 Qc8 46. h4 g5 47. hxg5
hxg5 48. Qxc8+ Nxc8 49. Nh3 g4 50. Nf4 Rc7 51. Ne6 Rc3 52. Nd4 g3 53. Rg6+ Kf7
54. Rxg3 Ne7 55. Rg5 Kf6 56. Rh5 Kg6 57. g4 fxg4 58. Re5 Kf6 59. Rxe4 g3 60.
fxg3 Nd5 61. Kf2 b4 62. Re6+ Kf7 63. Re5 Nf6 64. Kf3 Nd7 65. Rf5+ Kg6 66. Rb5
Kf6 67. Rxb4 Ne5+ 68. Ke4 Ng4 69. Rc4 1-0

[Event "6th Women GP"]
[Site "Doha QAT"]
[Date "2011.02.26"]
[Round "5"]
[White "Munguntuul, B."]
[Black "Mkrtchian, L."]
[Result "1/2-1/2"]
[WhiteElo "2410"]
[BlackElo "2475"]
[PlyCount "64"]
[EventDate "2011.02.22"]

1. e4 e6 2. d4 d5 3. Nc3 Bb4 4. e5 Ne7 5. a3 Bxc3+ 6. bxc3 c5 7. Qg4 O-O 8. Bd3
Nbc6 9. Qh5 Ng6 10. Nf3 Qc7 11. Be3 c4 12. Bxg6 fxg6 13. Qg4 Qf7 14. h4 Qf5 15.
Qxf5 Rxf5 16. Ke2 Bd7 17. g4 Rff8 18. Rab1 b6 19. Ne1 h6 20. f4 h5 21. Nf3 hxg4
22. Ng5 Nd8 23. Rbg1 Nf7 24. Rxg4 Nxg5 25. Rxg5 Be8 26. h5 Rf5 27. Rxf5 gxf5
28. h6 Bg6 29. Bf2 gxh6 30. Rxh6 Kg7 31. Rh2 Rh8 32. Rxh8 Kxh8 1/2-1/2

[Event "6th Women GP"]
[Site "Doha QAT"]
[Date "2011.02.26"]
[Round "5"]
[White "Cramling, P."]
[Black "Dzagnidze, N."]
[Result "1-0"]
[WhiteElo "2516"]
[BlackElo "2550"]
[PlyCount "79"]
[EventDate "2011.02.22"]

1. d4 Nf6 2. Nf3 e6 3. c4 d5 4. Bg5 c6 5. e3 Qa5+ 6. Nbd2 Ne4 7. Bf4 Nd7 8. a3
Be7 9. b4 Qd8 10. Nxe4 dxe4 11. Nd2 f5 12. c5 O-O 13. Nc4 Nf6 14. Qd2 Bd7 15.
Be2 Be8 16. Nd6 Bxd6 17. Bxd6 Rf7 18. a4 Rd7 19. Be5 Nd5 20. O-O Qg5 21. f4 Qh4
22. b5 Bh5 23. Bc4 Rf8 24. a5 cxb5 25. Bxb5 Rdd8 26. a6 b6 27. cxb6 Nxb6 28.
Bc7 Be8 29. Bxd8 Qxd8 30. Be2 g5 31. g3 Bc6 32. Rac1 Bd5 33. Rf2 Rf7 34. Qb4
Rg7 35. Rg2 h5 36. h4 gxf4 37. gxf4 Qxh4 38. Rxg7+ Kxg7 39. Kg2 Bc4 40. Rh1 1-0